Book Titles Without the Vowels #4 - Statistics

General Stats
  • This quiz has been taken 36 times
  • The average score is 12 of 15
Answer Stats
Hint Answer % Correct
TH CLR PRPL The Color Purple
100%
TWLGHT Twilight
100%
TH RNNNG MN The Running Man
97%
TH DYSSY The Odyssey
94%
TH GRPS F WRTH The Grapes of Wrath
90%
WTHRNG HGHTS Wuthering Heights
87%
DN QXT Don Quixote
84%
PRJCT HL MRY Project Hail Mary
84%
LL TH LGHT W CNNT S All The Light We Cannot See
81%
DN Dune
71%
NNTN GHTY FR Nineteen Eighty Four
71%
RDY PLYR N Ready Player One
71%
TL F TW CTS A Tale of Two Cities
68%
RTMS FWL Artemis Fowl
61%
THR BDY PRBLM Three Body Problem
55%
No matching quizzes found
Score Distribution
Percent of People with Each Score
Percentile by Number Answered
Your Score History
You have not taken this quiz